Españoles de tres mundos: viejo mundo, nuevo mundo, otro mundo

Saved in:
Bibliographic Details
Main Author: Jiménez, Juan Ramón (Author)
Format: Book
Language:Spanish
Published: Buenos Aires Losada 1942
Series:Libros de Juan Ramón Jiménez
Subjects:
Tags: Add Tag
No Tags, Be the first to tag this record!

MARC

LEADER 00000nam a2200000 a 4500
001 UCZ4897
003 CL-VaPUC
008 951115e19420000AG |||||||||||||||||spa|d
082 0 4 |a 861  |b JIM  |2 21 
100 |a Jiménez, Juan Ramón  |e author  |9 330181 
245 1 0 |a Españoles de tres mundos: viejo mundo, nuevo mundo, otro mundo 
300 |a 170 p 
942 |c BK 
945 |d 19951115 00:00:00  |a rleighto 
260 |a Buenos Aires  |b Losada  |c 1942 
650 0 |a Poesías españolas  |9 265100 
583 |a last modification  |c 19951115 00:00:00  |k Rodrigo Vera 
490 0 |a Libros de Juan Ramón Jiménez 
999 |c 241240  |d 241238 
952 |0 0  |1 0  |4 0  |6 861_000000000000000_JIM_1942  |7 0  |8 A  |9 253522  |a BIBEDU  |b BIBEDU  |d 2019-11-19  |i 3147983  |o 861 JIM 1942  |p 3147983  |r 2019-11-19  |w 2019-11-19  |y BK  |k LIT